Composition of cosmic radiation / (Record no. 61925)
[ view plain ]
| 000 -LEADER | |
|---|---|
| fixed length control field | 01013nam a2200337 a 4500 |
| 001 - CONTROL NUMBER | |
| control field | vtls000058409 |
| 003 - CONTROL NUMBER IDENTIFIER | |
| control field | NLI |
| 005 - DATE AND TIME OF LATEST TRANSACTION | |
| control field | 20210601191256.0 |
| 008 - FIXED-LENGTH DATA ELEMENTS--GENERAL INFORMATION | |
| fixed length control field | 101125s1975 enk 001 0 eng |
| 020 ## - INTERNATIONAL STANDARD BOOK NUMBER | |
| International Standard Book Number | 0677037708 : |
| Terms of availability | ? 7.10 |
| 039 #9 - LEVEL OF BIBLIOGRAPHIC CONTROL AND CODING DETAIL [OBSOLETE] | |
| -- | 201011250553 |
| -- | VLOAD |
| 040 ## - CATALOGING SOURCE | |
| Original cataloging agency | NLI |
| Language of cataloging | eng |
| Transcribing agency | VTLS |
| Description conventions | AACR2 |
| 041 0# - LANGUAGE CODE | |
| Language code of text/sound track or separate title | eng |
| 044 ## - COUNTRY OF PUBLISHING/PRODUCING ENTITY CODE | |
| MARC country code | enk |
| 082 04 - DEWEY DECIMAL CLASSIFICATION NUMBER | |
| Classification number | 523.0197223 |
| 100 1# - MAIN ENTRY--PERSONAL NAME | |
| Personal name | Apparao, Krishna M. V. |
| 9 (RLIN) | 146890 |
| 245 10 - TITLE STATEMENT | |
| Title | Composition of cosmic radiation / |
| Statement of responsibility, etc. | Krishna M. V. Apparao |
| 260 ## - PUBLICATION, DISTRIBUTION, ETC. | |
| Place of publication, distribution, etc. | London : |
| Name of publisher, distributor, etc. | Gordon and Breach Science Publishers, |
| Date of publication, distribution, etc. | c1975 |
| 300 ## - PHYSICAL DESCRIPTION | |
| Extent | x, 86 p. ; |
| Dimensions | il cm. ; |
| -- | 24 cm. |
| 440 #0 - SERIES STATEMENT/ADDED ENTRY--TITLE | |
| Title | Topics in astrophysics and space physics ; |
| Volume/sequential designation | vol. 2 |
| 9 (RLIN) | 146891 |
| 500 ## - GENERAL NOTE | |
| General note | Includes index |
| 504 ## - BIBLIOGRAPHY, ETC. NOTE | |
| Bibliography, etc. note | Bibliography: p. 76-84 |
| 650 #0 - SUBJECT ADDED ENTRY--TOPICAL TERM | |
| Topical term or geographic name entry element | Cosmic rays |
| 9 (RLIN) | 37289 |
| 650 #0 - SUBJECT ADDED ENTRY--TOPICAL TERM | |
| Topical term or geographic name entry element | Cosmology |
| 9 (RLIN) | 47396 |
| 887 ## - NON-MARC INFORMATION FIELD | |
| Content of non-MARC field | |
| 901 ## - LOCAL DATA ELEMENT A, LDA (RLIN) | |
| a | 421103 |
| b | 04.10.1975 |
| 902 ## - LOCAL DATA ELEMENT B, LDB (RLIN) | |
| a | E523.0197223 Ap48 |
| 906 ## - LOCAL DATA ELEMENT F, LDF (RLIN) | |
| a | 0009381 |
| z | 1 |
| 949 ## - LOCAL PROCESSING INFORMATION (OCLC) | |
| -- | VIRTUAITEM |
| -- | 10000 |
| -- | 100 |
| 6 | PUR000421103ENG |
| 942 ## - ADDED ENTRY ELEMENTS (KOHA) | |
| Source of classification or shelving scheme | Dewey Decimal Classification |
| Koha item type | Books |
| Withdrawn status | Lost status | Damaged status | Not for loan | Collection code | Home library | Current library | Shelving location | Date acquired | Total Checkouts | Full call number | Barcode | Date last seen | Price effective from | Koha item type |
|---|---|---|---|---|---|---|---|---|---|---|---|---|---|---|
| New English | National Library of India | National Library of India | New English - Main Stack Division | E523.0197223 Ap48 | PUR000421103ENG | 01/06/2021 | 01/06/2021 | Books |
